000 00801nam a2200265Ia 4500
003 OSt
005 20220918173909.0
006 a|||||r|||| 00| 0
007 ta
008 220917b |||||||| |||| 00| 0 eng d
024 _a9,011
037 _cTextual
040 _aARTS
_cARTS
_beng
041 _2eng
_aeng
082 _aCjNKL, N5
100 _aKox A J ed
_948208
245 0 _aNo truth except in the details
_b Essays in honour of Martin J Klein
260 _aDordrecht
_bKluwer Academic
_c1995
300 _axxv,375p
_ccm.
490 _aBoston studies in the philosophy of science ed by Robert S Cohen; 167
650 _aPHYSICS
700 _a Siegel Daniel M. ed
_948209
942 _hCjNKL, N5
_cTEXL
_2CC
999 _c150753
_d150753